World Leaders' Wedding Photos Quiz Stats

 Plays Quiz Updated Feb 25, 2019

Score 0/22 Timer 06:00
0 Plays Today
% Correct
Vladimir Putin, with Lyudmila Shkrebneva
93.1%
Nelson Mandela, with Winnie Madikizela
92.3%
Fidel Castro, with Mirta Diaz-Balart
73.3%
Indira Nehru, with Feroze Gandhi
73.1%
Juan Perón, with Eva Duarte
70.7%
Justin Trudeau, with Sophie Grégoire
70.3%
Idi Amin, with Sarah Kyolaba
69.1%
Rainier III, with Grace Kelly
65.2%
Margaret Roberts, with Denis Thatcher
62.4%
David Cameron, with Samantha Sheffield
60.4%
Francisco Franco, with Carmen Polo
57%
% Correct
Robert Mugabe, with Sally Hayfron
53.1%
Silvio Berlusconi, with Francesca Pascale
51.3%
Anwar Sadat, with Jehan Safwat Raouf
43.3%
Lech Wałęsa, with Mirosława Danuta Gołoś
41.6%
Shinzō Abe, with Akie Matsuzaki
36.1%
Augusto Pinochet, with Lucía Hiriart
34.8%
Corazon Cojuangco, with Benigno Aquino Jr.
33.3%
Chiang Kai-shek, with Soong Mei-ling
25.6%
Dmitry Medvedev, with Svetlana Linnik
22.2%
Abdullah II, with Rania Al-Yassin
18.7%
Aung San Suu Kyi, with Michael Aris
18.6%

You're not logged in!

Compare scores with friends on all Sporcle quizzes.
OR
Log In

Sporcle TV

Today on Sporcle TV


Watch our educational content, quiz creation guides, and fun videos on Sporcle TV.

Show Comments

Extras

Top Quizzes Today


Score Distribution

Your Account Isn't Verified!

In order to create a playlist on Sporcle, you need to verify the email address you used during registration. Go to your Sporcle Settings to finish the process.

Report this User

Report this user for behavior that violates our Community Guidelines.

Details: